Historia universal.

Gespeichert in:
Bibliographische Detailangaben
1. Verfasser: Navas, Macedonio.
Format: Buch
Sprache:Spanisch
Erschienen: México,D.F. Editorial Herrero Hnos., Sucs., S.A. 1959
Ausgabe:18a. ed.
Katalog:MANES:  Suchergebnis im Bibliothekskatalog
Schulbuchspezifische Eigenschaften:
Tags: Tag hinzufügen
Keine Tags, Fügen Sie den ersten Tag hinzu!
Hinzugefügt zu:05.05.2018
Geändert in:06.05.2018

MARC

LEADER 00000nam a2200000 4500
005 20180506133323.0
008 180506b xxu||||| |||| 00| 0 spa d
040 |a centro_manes  |c universidad_colima 
100 |9 16964  |a Navas, Macedonio. 
245 |a Historia universal. 
250 |a 18a. ed. 
260 |a México,D.F.  |b Editorial Herrero Hnos., Sucs., S.A.  |c 1959 
300 |a 237 p.  |c 19 cm 
500 |a Aparece: Francisco Ziga, "Bibliografía Pedagógica. Libros de texto para enseñanza primaria:1850-1970 V. Libros de Historia" en Boletín del Instituto de Investigaciones Bibliográficas 1981-1982, Biblioteca Nacional, Hemeroteca Nacional, Universidad Nacional Autónoma de México, Nos. 18 - 19,p. 124.  |a ils. 
546 |a México 
690 0 |a HI 
691 0 |a PRI 
942 |2 ddc  |c BK 
999 |c 50546  |d 50546 
999 |c manes:50546  |d 50546